| Tag |
First Indicator |
Second Indicator |
Subfields |
| LEADER |
00000pam a2200000 a 4500 |
| 001 |
in00000077296 |
| 005 |
20151008060620.0 |
| 008 |
750317s1976 enka b 00100 engm |
| 010 |
|
|
|a 75008770
|
| 015 |
|
|
|a GB***
|
| 019 |
|
|
|a 2748047
|
| 020 |
|
|
|a 0471112291
|
| 035 |
|
|
|a (OCoLC)01273425
|
| 035 |
|
|
|9 AAJ6165AM
|
| 040 |
|
|
|a DLC
|c DLC
|d TXA
|d UtOrBLW
|
| 049 |
|
|
|a TXAM
|c [933328]
|
| 050 |
0 |
0 |
|a BF371
|b .R33
|
| 060 |
|
0 |
|a BF371 R294
|
| 082 |
0 |
|
|a 153.1/23
|
| 245 |
0 |
0 |
|a Recall and recognition /
|c edited by John Brown.
|
| 264 |
|
1 |
|a London ;
|a New York :
|b Wiley,
|c [1976]
|
| 264 |
|
4 |
|c ©1976
|
| 300 |
|
|
|a x, 275 pages :
|b illustrations ;
|c 24 cm.
|
| 336 |
|
|
|a text
|b txt
|2 rdacontent
|
| 337 |
|
|
|a unmediated
|b n
|2 rdamedia
|
| 338 |
|
|
|a volume
|b nc
|2 rdacarrier
|
| 500 |
|
|
|a "A Wiley-Interscience publication."
|
| 500 |
|
|
|a Includes indexes.
|
| 504 |
|
|
|a Bibliography: pages [243]-272.
|
| 650 |
|
0 |
|a Recollection (Psychology)
|
| 650 |
|
0 |
|a Recognition (Psychology)
|
| 650 |
|
2 |
|a Memory.
|
| 700 |
1 |
|
|a Brown, John,
|d 1925-
|
| 999 |
|
|
|a MARS
|
| 999 |
f |
f |
|s f119a119-e84e-3c6d-9f7a-608841faf7e6
|i d86e9e7d-0bda-343d-9447-19e956061d88
|t 0
|
| 952 |
f |
f |
|p ric
|a Texas A&M University
|b Rellis Campus
|c Joint Library Facility
|d Remote Storage
|t 0
|e BF371 .R33
|h Library of Congress classification
|i unmediated -- volume
|m A14806087065
|
| 998 |
f |
f |
|a BF371 .R33
|t 0
|l Remote Storage
|